Statistics for British Empire quiz 2

Click here to take the quiz!

General Stats

  • This quiz has been taken 24 times
  • The average score is 10 of 15

Answer Stats

QuestionAnswer% Correct
What year was the Queen born?1926
100%
What countries were part of Cape Town to Cairo?Egypt, Sudan, South Sudan, Uganda, Tanzania, South Africa, Malawi, Zambia, Botswana, Namibia, Zimbabwe
100%
Who were the Scottish peoples favourite go-to country for attacking England?The French
94%
Which country left the commonwealth realms to become a republic in Nov 2021?Barbados
88%
Which type of Empire was Britain's?Trade
81%
What did the Scottish Empire conquer that the English didn't?New Caledonia, Panama
75%
Where did the Saxons, Angles and Jutes live before Britain?Denmark, Benelux and Germany
63%
Constituencies in Britain are changing in 2022, but why?Easy, To many people and not enough people
63%
Who was Edward Longshanks?Edward 1
63%
How many cities will Britain have on the 6th Feb 2022?71
56%
Which part of Canada was not part of the Canadian ColonyNewfoundland
56%
What is the newest city in Britain at the start of Jan in 2022 and why instead when the Queen gets her Platinum Jubilee?Southend-on-Sea - MP Murdered, he wanted it to be a city
56%
When is the Queen's real birthday?21st Apr
50%
Which countries have left the commonwealth and name a M country not in the commonwealth but in the Empire and two countries that left and re-joined the commonwealth!Ireland, Myanmar, Zimbabwe, Maldives, The Gambia
44%
What year did the British Empire end?2004
19%

Score Distribution

Percentile by Number Answered

Percent of People with Each Score

Your Score History

You have not taken this quiz